1898 1182 1132 1688 1066 1002 1638 1435 1927 1633 1678 1119 1119 1380 1642 1940 1748 1659 1592 1527 1137 1749 1943 1708 1335 1750 1672 1705 1362 1821 1519 1543 1883 1145 1548 1133 1201 1461 1066 1012 1510 1415 1632 1972 1203 1997 1553 1989 1741 1911 1806 1974 1927 1150 1604 1395 1925 1295 1930 1549 1059 1856 1085 1048 1978 1114 1003 1791 1523 1923 1104 1240 1127 1585 1802 1189 1681 1474 1888 1591 1482 1649 1793 1415 1381 1442 1655 1514 1216 1839 1233 1879 1072 1680 1875 1826 1976 1842 1914 BCNSPRNW ULIB Ver.6.0+V

เปลี่ยนเป็นภาษาไทย

Change to English
 แสดงรายละเอียดบรรณานุกรม
  กลับหน้าหลัก

Brief Record : Get Marc (ISO 2709) : E-mail record : QR code < ปิดหน้าต่าง
LEADER : 00000nam 2200000uu 4500
001    13399108892
003     ULIB
008    110316s||||||||th 000 0 tha d
020    9741335407
060 04 WY85^bส733จ 2551
100 0  สิวลี ศิริไล
245 10 จริยศาสตร์สำหรับพยาบาล /^cสิวลี ศิริไล
250    พิมพ์ครั้งที่ 10
260    กรุงเทพฯ :^bโรงพิมพ์แห่งจุฬาลงกรณ์มหาวิทยาลัย,^c2551
300    279 หน้า ;^c21 ซม.
650  7 จรรยาบรรณพยาบาล
650  7 จริยศาสตร์
945    ^p150^l0^i024450
945    ^p150^l0^i024449
945    ^p150^l0^i024448
945    ^p150^l0^i024451
995    เกษร
999 ^a ใช้งานได้ทุกระบบ
รายการนี้ยังไม่มีแท็ก
คุณยังไม่ได้ล็อกอิน คุณสามารถมีกิจกรรมร่วมกับเว็บไซต์ได้ แต่ต้องล็อกอินก่อน ::
  ล็อกอิน

รายการสื่อสารสนเทศ

ลำดับที่ ประเภท เลขเรียก/บาร์โค้ด สถานที่ สถานะ
- ไม่พบข้อมูล -

รายการใกล้เคียง
    ผู้แต่ง [สิวลี ศิริไล]

    หัวเรื่อง [จรรยาบรรณพยาบาล]
    หัวเรื่อง [จริยศาสตร์]

BibComment


ยังไม่เคยถูกคอมเมนท์

คอมเมนท์ทรัพยากรรายการนี้
  คอมเมนท์: จริยศาสตร์สำหรับพ..


 Copyright 2026. Bcnsprnw @Library